Statistics for To be or not to be - full text

Click here to take the quiz!

General Stats

  • This quiz has been taken 104 times
  • The average score is 183 of 261

Answer Stats

Answer% Correct
be,
100%
be
100%
or
100%
To
100%
to:
100%
to
100%
a
98%
is
98%
no
98%
not
98%
the
98%
question:
96%
that
96%
and
90%
of
90%
of?
90%
we
90%
For
86%
for
86%
he
86%
in
86%
arrows
84%
mind
84%
nobler
84%
suffer
84%
them.
84%
whether
84%
by
82%
end
82%
slings
82%
'tis
82%
die,
80%
die--
80%
dream--
80%
fortune,
80%
sea
80%
sleep,
80%
sleep;
80%
sleep
80%
take
80%
against
78%
arms
78%
opposing
78%
outrageous
78%
troubles
78%
what
76%
when
76%
death
75%
death,
75%
dreams
75%
perchance
75%
come,
73%
off
73%
may
71%
rub:
71%
thus
71%
Thus
71%
ay,
69%
have
69%
more;
69%
there's
69%
this
69%
Who
69%
who
69%
flesh
67%
thousand
67%
coil,
65%
heir
65%
life,
65%
life.
65%
mortal
65%
say
65%
us
65%
make
63%
natural
63%
shocks
63%
so
63%
consummation
61%
devoutly
61%
wish'd.
61%
shuffled
59%
give
57%
heartache
57%
bear,
55%
bear
55%
must
55%
o'er
55%
pause--
55%
would
55%
long
53%
love,
53%
makes
53%
with
51%
but
49%
calamity
49%
country,
49%
know
49%
traveller
49%
will,
49%
bare
47%
bodkin?
47%
does
47%
fardels
47%
time,
47%
undiscover'd
47%
bourn
45%
office,
45%
returns,
45%
after
43%
cowards
43%
fly
43%
his
43%
scorns
43%
whips
43%
all,
41%
from
41%
insolence
41%
might
41%
pangs
41%
quietus
41%
sweat
41%
under
41%
whose
41%
delay,
39%
dispriz'd
39%
grunt
39%
man's
39%
proud
39%
weary
39%
conscience
37%
himself
37%
hue
37%
merit
37%
than
37%
thought,
37%
unworthy
37%
cast
35%
contumely,
35%
great
35%
ills
35%
law's
35%
moment
35%
others
35%
patient
35%
pith
35%
puzzles
35%
rather
35%
resolution
35%
something
35%
those
35%
wrong,
35%
action.
33%
dread
33%
oppressor's
33%
pale
33%
respect
33%
spurns
33%
takes,
33%
native
31%
lose
29%
name
29%
awry
27%
enterprises
27%
their
27%
turn
27%
currents
24%
regard
24%
sicklied
24%

Score Distribution

Percentile by Number Answered

Percent of People with Each Score

Your Score History

You have not taken this quiz